000
00243nam a2200097Ia 4500
008
240625s9999 xx 000 0 und d
041
_a
eng
082
_a
808.20 SHA
100
_a
SHARMA NISHANT
245
_a
TRAINING MODULE FOR ENTRY LEVEL EMPLOYEE
999
_c
36492
_d
36492